|
|
|
|
| LEADER |
01280nam a2200277 a 4500 |
| 001 |
927199 |
| 008 |
091117s1978 sz b i000 0 eng d |
| 010 |
|
|
|a 82212065
|
| 020 |
|
|
|a 9221009033
|
| 020 |
|
|
|a 9221015106
|
| 040 |
|
|
|a DLC
|c DLC
|d DLC
|
| 082 |
0 |
0 |
|a 338.9
|2 19
|
| 245 |
0 |
0 |
|a Employment, growth, and basic needs :
|b a one-world problem : report of the Director-General of the International Labour Office.
|
| 260 |
|
|
|a Geneva :
|b International Labour Office,
|c 1978.
|
| 300 |
|
|
|a vi, 211 p. ;
|c 24 cm.
|
| 500 |
|
|
|a At head of title: Tripartite World Conference on Employment, Income Distribution, and Social Progress and the International Division of Labour.
|
| 504 |
|
|
|a Includes bibliographical references.
|
| 541 |
1 |
|
|e 00000080
|
| 650 |
|
0 |
|a Manpower policy.
|
| 650 |
|
0 |
|a Economic development.
|
| 650 |
|
0 |
|a Poverty.
|
| 710 |
2 |
|
|a International Labour Office.
|
| 711 |
2 |
|
|a Tripartite World Conference on Employment, Income Distribution, and Social Progress and the International Division of Labour
|d (1976 :
|c Geneva, Switzerland)
|
| 852 |
4 |
|
|a Ayesha Abed Library
|j General Shelf.
|
| 999 |
|
|
|c 5657
|d 5657
|
| 952 |
|
|
|0 0
|1 0
|2 ddc
|4 0
|6 338_900000000000000_EMP
|7 0
|9 5577
|a BRACUL
|b BRACUL
|c GEN
|d 2009-11-21
|g 180.00
|l 0
|o 338.9 EMP
|p 3010000080
|r 2016-08-30
|t 1
|v 360.00
|w 2009-11-21
|y BK
|